000 00962nam a22003257a 4500
001 BR9704641
003 BR-BrBNA
005 20230928095737.0
007 ta
008 230509b bl.||||| |||| 00| 0 por d
040 _aBR-BrBNA
_bpor
_cBiblioteca Nacional de Agricultura
041 _a(Por)
072 _aE10
090 _ E10 BR9704641
100 1 _aFauth, E.M.
100 1 _aBenetti, M.D.
100 1 _aBoeckel, S.R.
100 1 _aFurstenau, V.
110 1 _aFundacao de Economia e Estatistica Siegfried Emanuel Heuser, Porto Alegre, RS (Brasil)
_94852
245 1 _aAgropecuaria do Rio Grande do Sul 1980-1995; a caminho da Eficiencia?
260 3 _aPorto Alegre, RS (Brasil):
_c1996.
300 _a160 p.
500 _a76 illus.; 48 tables; 40 ref.
650 _aAnalise Economica
650 _aAnalise Estatistica
650 _aSetor Agricola
650 _aRio Grande do Sul
909 _a202309
_bLucia
_c55
_dLucia Elande
942 _cBK
999 _c58410
_d58410